000 00742nam0a22002531 4500
001 RU\INFOCOMM_322\NLR\5000170676
005 20250613110426.0
035 _a(NLR Aleph) 009562371
090 _a9077011
_c9077012
100 _a20130212d1960 |||y0rusy50 ca
101 0 _afre
102 _aRU
105 _ay z |||||
200 1 _aMachine à faire les boutonnières, classe 25-A
_e[Instruction d'utilisation et d'entretien]
_fV/o "Machinoexport"
210 _aM.
_d[1960]
215 _a19 с.
_cил.
_d22 см
620 _aМосква
686 _aТвв-878
_2rubbk
712 0 2 _a"Machinoexport", v/o
_4570
801 1 _aRU
_bInfocomm
_c20130212
801 0 _aRU
_bINFOCOMM
_gPSBO
852 _aNLR
_jТ57 Г-6/32
942 _cBOOK
980 _aNB